000 00350nam a2200145Ia 4500
008 231217s9999 xx 000 0 und d
041 _aEnglish
082 _a793.73 COR;1
100 _aCornish, Dave Comp.
245 0 _aTeam quiz book
260 _c2002
_bJaico Publishing House,
_aMumbai
300 _a127
650 _aTeam,quiz
942 _cAA
999 _c170311
_d170311